| 000 | 00456nam a22001697a 4500 | ||
|---|---|---|---|
| 005 | 20250328163809.0 | ||
| 008 | 250328b |||||||| |||| 00| 0 eng d | ||
| 020 | _a9789811209932 | ||
| 041 | _aeng | ||
| 082 | _a336 GRE | ||
| 100 | _aGreene, Joshua E | ||
| 245 | _aPublic Finance: An International Perspective | ||
| 260 |
_aSingapore _bWorld Scientific _c2021 |
||
| 300 | _a519;. pages: 24 cm | ||
| 650 | _aFinance ,Public; Fiscal Policy | ||
| 942 | _cBK | ||
| 999 |
_c43478 _d43478 |
||